Medición de las propiedades estructurales en la mampostería de bloques de concreto rellenos de 15x20x40 cm

সংরক্ষণ করুন:
গ্রন্থ-পঞ্জীর বিবরন
প্রধান লেখক: Rodríguez Hernández, Ricardo
বিন্যাস: গ্রন্থ
প্রকাশিত: San José, C.R 1999
বিষয়গুলি:
ট্যাগগুলো: ট্যাগ যুক্ত করুন
কোনো ট্যাগ নেই, প্রথমজন হিসাবে ট্যাগ করুন!

MARC

LEADER 00000nam a2200000Ia 4500
003 008453
005 20221231144212.0
008 140114s1999 cr a m 000 ||s d
040 |c cru CEDI 
090 |a TFG 4074 
100 |a Rodríguez Hernández, Ricardo  |9 8402 
245 |a Medición de las propiedades estructurales en la mampostería de bloques de concreto rellenos de 15x20x40 cm  
260 |c 1999  |a  San José, C.R 
300 |a  xiv, 143 hojas : ilustraciones  
500 |a  Tesis (licenciatura en ingeniería civil)--Universidad de Costa Rica. Facultad de Ingeniería. Escuela de Ingeniería Civil 
650 |x MAMPOSTERIA   |x  BLOQUES DE HORMIGON   |x RESISTENCIA DE MATERIALES   |x ARGAMASA  |9 8403 
942 |c TFG 
999 |c 18374  |d 18374